[Event "Mesa Copper State-A"]
[Site "Mesa"]
[Date "2010.06.08"]
[Round "8"]
[White "Ippolito, Dean"]
[Black "Molner, Mackenzie"]
[Result "1/2-1/2"]
[WhiteElo "2480"]
[BlackElo "2439"]
[PlyCount "52"]
[EventDate "2010.06.04"]
[EventType "tourn"]
[EventRounds "9"]
[EventCountry "USA"]
[EventCategory "10"]
[SourceTitle "CBM 136 Extra"]
[Source "ChessBase"]
[SourceDate "2010.07.02"]

1. d4 Nf6 2. c4 c5 3. d5 b5 4. cxb5 a6 5. bxa6 g6 6. Nc3 Bxa6 7. e4 Bxf1 8.
Kxf1 d6 9. Nge2 Bg7 10. h3 O-O 11. Kg1 e6 12. dxe6 fxe6 13. e5 dxe5 14. Qxd8
Rxd8 15. Kh2 Nc6 16. Bg5 e4 17. Ng3 Rdb8 18. Rab1 Nb4 19. Ngxe4 Nxe4 20. Nxe4
Be5+ 21. g3 Nd3 22. Rhd1 c4 23. Nf6+ Bxf6 24. Bxf6 Rxa2 25. Bc3 e5 26. Rd2 e4
1/2-1/2

[Event "Mesa Copper State-A"]
[Site "Mesa"]
[Date "2010.06.09"]
[Round "9"]
[White "Molner, Mackenzie"]
[Black "Bartholomew, John"]
[Result "1-0"]
[WhiteElo "2439"]
[BlackElo "2451"]
[PlyCount "65"]
[EventDate "2010.06.04"]
[EventType "tourn"]
[EventRounds "9"]
[EventCountry "USA"]
[EventCategory "10"]
[SourceTitle "CBM 136 Extra"]
[Source "ChessBase"]
[SourceDate "2010.07.02"]

1. e4 e5 2. Nf3 Nc6 3. Bc4 Bc5 4. b4 Bxb4 5. c3 Ba5 6. d4 exd4 7. Qb3 Qe7 8.
O-O Bb6 9. cxd4 Nxd4 10. Nxd4 Bxd4 11. Nc3 Nf6 12. Bg5 c6 13. Rad1 Qe5 14.
Bxf7+ Kd8 15. Ne2 Bc5 16. Bf4 Qxe4 17. Qg3 Rf8 18. Nc3 Qf5 19. Rde1 d6 20. Qxg7
Nd7 21. Bg5+ Kc7 22. Re7 Bd4 23. Qxf8 Qxg5 24. Ne4 Qf4 25. Qe8 Be5 26. Ng3 Kb6
27. Rxd7 Bxd7 28. Qxd7 Rf8 29. Bh5 d5 30. Qxh7 Qd2 31. Bf3 Bxg3 32. hxg3 Ka6
33. Qe7 1-0

[Event "New York Int op"]
[Site "New York"]
[Date "2010.06.21"]
[Round "7"]
[White "Sundararajan, Kidambi"]
[Black "Molner, Mackenzie"]
[Result "1/2-1/2"]
[WhiteElo "2520"]
[BlackElo "2439"]
[PlyCount "59"]
[EventDate "2010.06.18"]
[EventType "swiss"]
[EventRounds "9"]
[EventCountry "USA"]
[SourceTitle "EXT 2015"]
[Source "ChessBase"]
[SourceDate "2014.11.20"]

1. d4 Nf6 2. c4 e6 3. g3 c5 4. d5 exd5 5. cxd5 b5 6. a4 b4 7. Nd2 d6 8. e4 g6
9. Ngf3 Bg7 10. Bb5+ Nbd7 11. O-O O-O 12. Re1 a6 13. Bc6 Ra7 14. Nc4 Nb6 15.
Nxb6 Qxb6 16. Nd2 Qd8 17. Nc4 Ng4 18. Bf4 Bd4 19. Rf1 Ne5 20. Nxe5 dxe5 21. Bh6
Bh3 22. Bxf8 Qxf8 23. Qe2 f5 24. exf5 gxf5 25. b3 Qd6 26. Qh5 Bxf1 27. Qe8+ Kg7
28. Rxf1 e4 29. Qe6 Qxe6 30. dxe6 1/2-1/2

[Event "USA tt"]
[Site "ICC INT"]
[Date "2010.10.18"]
[Round "9"]
[White "Molner, Mackenzie"]
[Black "Krush, Irina"]
[Result "1-0"]
[WhiteElo "2393"]
[BlackElo "2476"]
[Annotator "Mac"]
[PlyCount "42"]
[EventDate "2010.08.23"]
[EventType "team"]
[EventRounds "10"]
[EventCountry "USA"]
[SourceTitle "CBM 138 Extra"]
[Source "ChessBase"]
[SourceDate "2010.10.29"]

1. e4 c5 2. Nf3 e6 3. d4 cxd4 4. Nxd4 Nc6 5. Nc3 Qc7 6. Be3 a6 7. Qd2 Nf6 8. f3
Bb4 9. a3 Be7 10. g4 d6 11. g5 Nd7 12. O-O-O O-O 13. h4 b5 14. Nxc6 Qxc6 15. h5
Rb8 16. g6 a5 17. Ne2 b4 18. Nd4 Qa4 19. h6 bxa3 (19... fxg6 20. hxg7 Rf7 21.
Rxh7) 20. gxh7+ Kh8 21. hxg7+ Kxg7 1-0

[Event "North American op 20th"]
[Site "Las Vegas"]
[Date "2010.12.28"]
[Round "5"]
[White "Aliyev, Timur"]
[Black "Molner, Mackenzie"]
[Result "0-1"]
[WhiteElo "2288"]
[BlackElo "2467"]
[PlyCount "54"]
[EventDate "2010.12.26"]
[EventType "swiss"]
[EventRounds "7"]
[EventCountry "USA"]
[SourceTitle "CBM 140 Extra"]
[Source "ChessBase"]
[SourceDate "2011.03.01"]

1. Nf3 c5 2. g3 Nc6 3. Bg2 g6 4. O-O Bg7 5. d3 e6 6. c3 Nge7 7. e4 O-O 8. Bg5
b5 9. Nbd2 d6 10. e5 d5 11. Re1 Rb8 12. h4 h6 13. Bf6 b4 14. Nf1 bxc3 15. bxc3
Ba6 16. Qd2 Qa5 17. N1h2 d4 18. Ng4 Nf5 19. Bxg7 Kxg7 20. Nf6 dxc3 21. Qc1 Rb2
22. g4 Nfd4 23. Qf4 Bxd3 24. Rad1 c2 25. Nxd4 Nxd4 26. Nh5+ gxh5 27. Qf6+ Kh7
0-1

[Event "North American op 20th"]
[Site "Las Vegas"]
[Date "2010.12.29"]
[Round "6"]
[White "Molner, Mackenzie"]
[Black "Mezentsev, Vladimir"]
[Result "0-1"]
[WhiteElo "2467"]
[BlackElo "2349"]
[PlyCount "147"]
[EventDate "2010.12.26"]
[EventType "swiss"]
[EventRounds "7"]
[EventCountry "USA"]
[SourceTitle "CBM 140 Extra"]
[Source "ChessBase"]
[SourceDate "2011.03.01"]

1. e4 c5 2. Nf3 Nc6 3. d4 cxd4 4. Nxd4 g6 5. Nc3 Bg7 6. Be3 Nf6 7. Bc4 O-O 8.
Bb3 d6 9. f3 Qa5 10. Qd2 Nxd4 11. Bxd4 Be6 12. O-O Rfc8 13. Rfe1 Nd7 14. Bxg7
Kxg7 15. f4 b5 16. Bxe6 fxe6 17. e5 d5 18. Kh1 Qb4 19. Rab1 Rc4 20. a3 Qc5 21.
Ne4 Qd4 22. Qxd4 Rxd4 23. Ng5 Nf8 24. g3 Rc4 25. c3 a5 26. Ra1 Ra6 27. Re3 Rac6
28. Nf3 Rb6 29. Kg2 Nd7 30. Kf2 Rc8 31. b4 Ra6 32. Rb1 Nb6 33. Nd4 Nc4 34. Rd3
Rb8 35. bxa5 Nxa3 36. Rb3 Nc4 37. Kf3 Nxa5 38. Ra3 Rbb6 39. Rd1 Nc4 40. Rxa6
Rxa6 41. Nxb5 Ra2 42. Nd4 Kf7 43. Ne2 g5 44. h3 h6 45. Nd4 Rh2 46. Ra1 gxf4 47.
Ra6 Rxh3 48. Kxf4 Rh1 49. g4 Rf1+ 50. Kg3 Rc1 51. Kf4 Rxc3 52. Nxe6 Rc1 53. g5
Rf1+ 54. Kg3 Rg1+ 55. Kf4 h5 56. Nd8+ Ke8 57. Ne6 Rf1+ 58. Kg3 Nxe5 59. Nc7+
Kf7 60. Nxd5 Ng6 61. Ne3 Rg1+ 62. Ng2 Rb1 63. Ra5 Rb3+ 64. Kf2 h4 65. Rf5+ Ke6
66. Rf3 Rxf3+ 67. Kxf3 Kf5 68. Ne3+ Kxg5 69. Ng4 e6 70. Nf2 Kf5 71. Nd1 Ne5+
72. Kg2 Kf4 73. Kh3 Ng6 74. Nf2 0-1

[Event "North American op 20th"]
[Site "Las Vegas"]
[Date "2010.12.29"]
[Round "7"]
[White "Melekhina, Alisa"]
[Black "Molner, Mackenzie"]
[Result "1/2-1/2"]
[WhiteElo "2280"]
[BlackElo "2467"]
[PlyCount "36"]
[EventDate "2010.12.26"]
[EventType "swiss"]
[EventRounds "7"]
[EventCountry "USA"]
[SourceTitle "CBM 140 Extra"]
[Source "ChessBase"]
[SourceDate "2011.03.01"]

1. e4 d6 2. d4 Nf6 3. Nc3 g6 4. g3 Bg7 5. Bg2 O-O 6. Nge2 e5 7. dxe5 dxe5 8.
Qxd8 Rxd8 9. Bg5 c6 10. O-O h6 11. Be3 Be6 12. Rad1 Nbd7 13. h3 Bf8 14. b3 Kg7
15. f4 Bc5 16. Bxc5 Nxc5 17. Nc1 a5 18. Nd3 Nxd3 1/2-1/2

[Event "Los Angeles Quon Memorial"]
[Site "Los Angeles"]
[Date "2011.01.19"]
[Round "1"]
[White "Molner, Mackenzie"]
[Black "Paragua, Mark"]
[Result "0-1"]
[WhiteElo "2458"]
[BlackElo "2521"]
[PlyCount "64"]
[EventDate "2011.01.19"]
[EventType "tourn"]
[EventRounds "9"]
[EventCountry "USA"]
[EventCategory "7"]
[SourceTitle "EXT 2012"]
[Source "ChessBase"]
[SourceDate "2011.11.24"]

1. e4 c5 2. Nf3 d6 3. d4 cxd4 4. Nxd4 Nf6 5. Nc3 a6 6. Bg5 Nbd7 7. Bc4 Qb6 8.
Bb3 e6 9. Qd2 Be7 10. O-O-O Nc5 11. Rhe1 O-O 12. f4 h6 13. h4 Qa5 14. Bxf6 Bxf6
15. g4 e5 16. fxe5 Bxe5 17. Rg1 Be6 18. Kb1 Rac8 19. g5 h5 20. g6 Nxb3 21. axb3
Bg4 22. Rxg4 hxg4 23. Nf5 Bf6 24. Nd5 Qxd2 25. Nxf6+ gxf6 26. Rxd2 fxg6 27.
Ne7+ Kf7 28. Nxc8 Rxc8 29. Rxd6 f5 30. exf5 gxf5 31. Rd7+ Kf6 32. Kc1 g3 0-1

[Event "Los Angeles Quon Memorial"]
[Site "Los Angeles"]
[Date "2011.01.20"]
[Round "3"]
[White "Molner, Mackenzie"]
[Black "Taylor, Timothy"]
[Result "1/2-1/2"]
[WhiteElo "2458"]
[BlackElo "2314"]
[PlyCount "122"]
[EventDate "2011.01.19"]
[EventType "tourn"]
[EventRounds "9"]
[EventCountry "USA"]
[EventCategory "7"]
[SourceTitle "EXT 2012"]
[Source "ChessBase"]
[SourceDate "2011.11.24"]

1. e4 e5 2. Nf3 Nc6 3. Bc4 Nf6 4. Ng5 d5 5. exd5 b5 6. Bf1 Nd4 7. c3 Nxd5 8.
cxd4 Qxg5 9. Bxb5+ Kd8 10. O-O exd4 11. Bc6 Rb8 12. d3 Qf5 13. Re1 Be6 14. Qa4
Nb4 15. Be4 Qb5 16. Qxa7 Bc5 17. a4 Bxa7 18. axb5 Bc5 19. Na3 Re8 20. Bf4 f5
21. Bc6 Nxc6 22. bxc6 Bf7 23. Rec1 Bb6 24. Nc4 Bxc4 25. dxc4 Bc5 26. Ra5 Bd6
27. Bxd6 cxd6 28. Ra7 Re7 29. Rxe7 Kxe7 30. c7 Rc8 31. c5 d3 32. cxd6+ Kxd6 33.
Kf1 d2 34. Rd1 Rxc7 35. Rxd2+ Ke6 36. Ke2 g5 37. Kd1 h5 38. Rd3 f4 39. Kd2 g4
40. b4 Ra7 41. b5 Ra2+ 42. Kc1 Rxf2 43. b6 f3 44. gxf3 Rxf3 45. b7 Rf8 46. Kd2
Rb8 47. Rb3 Kd6 48. Ke3 h4 49. Rb4 g3 50. h3 Kc5 51. Rxh4 Rxb7 52. Kf3 Rb3+ 53.
Kg2 Rb2+ 54. Kxg3 Rb3+ 55. Kf2 Rb2+ 56. Kf3 Rb3+ 57. Kg4 Rb4+ 58. Kg5 Rxh4 59.
Kxh4 Kd6 60. Kg5 Ke7 61. Kg6 Kf8 1/2-1/2

[Event "Los Angeles Quon Memorial"]
[Site "Los Angeles"]
[Date "2011.01.21"]
[Round "5"]
[White "Steinfl, Alessandro"]
[Black "Molner, Mackenzie"]
[Result "0-1"]
[WhiteElo "2209"]
[BlackElo "2458"]
[PlyCount "132"]
[EventDate "2011.01.19"]
[EventType "tourn"]
[EventRounds "9"]
[EventCountry "USA"]
[EventCategory "7"]
[SourceTitle "EXT 2012"]
[Source "ChessBase"]
[SourceDate "2011.11.24"]

1. d4 Nf6 2. c4 e6 3. Nc3 Bb4 4. e3 b6 5. Nge2 Ba6 6. a3 Bxc3+ 7. Nxc3 d5 8.
Qf3 O-O 9. cxd5 exd5 10. Bxa6 Nxa6 11. O-O c6 12. b4 Qd7 13. Rb1 Nc7 14. a4 a6
15. Bd2 b5 16. Ra1 Rfe8 17. axb5 axb5 18. Ra5 Ne4 19. Nxe4 dxe4 20. Qh5 Nd5 21.
Rfa1 g6 22. Qd1 Rac8 23. Qc2 h5 24. Ra7 Qf5 25. R1a6 Re6 26. Be1 Rf6 27. Qe2
Kg7 28. Rb7 h4 29. h3 g5 30. Raa7 Rf8 31. Kh2 Rg6 32. Qg4 Qxg4 33. hxg4 Rf6 34.
Kh3 Re8 35. Kh2 Rh8 36. Kh3 Kg6 37. Rd7 Re8 38. Kh2 Rfe6 39. Kh3 R8e7 40. Bd2
Rxd7 41. Rxd7 Kg7 42. Ra7 Rf6 43. Be1 Kf8 44. Kh2 Kg7 45. Kh3 Kg6 46. Kh2 Re6
47. Ra8 Ne7 48. Re8 f6 49. Bd2 Kf7 50. Rb8 Nd5 51. Ra8 Ke7 52. Kg1 Kd6 53. Kf1
Re7 54. Ke2 Rh7 55. f3 h3 56. gxh3 exf3+ 57. Kxf3 Rxh3+ 58. Kg2 Rh4 59. Kg3 Nb6
60. Rd8+ Ke7 61. Rb8 Nc4 62. Be1 Nxe3 63. Kf3 Rh3+ 64. Ke4 Nxg4 65. Kf5 Ne3+
66. Ke4 Nd5 0-1

[Event "Los Angeles Quon Memorial"]
[Site "Los Angeles"]
[Date "2011.01.22"]
[Round "6"]
[White "Molner, Mackenzie"]
[Black "Naroditsky, Daniel"]
[Result "1/2-1/2"]
[WhiteElo "2458"]
[BlackElo "2419"]
[PlyCount "59"]
[EventDate "2011.01.19"]
[EventType "tourn"]
[EventRounds "9"]
[EventCountry "USA"]
[EventCategory "7"]
[SourceTitle "EXT 2012"]
[Source "ChessBase"]
[SourceDate "2011.11.24"]

1. e4 c5 2. Nf3 d6 3. d4 cxd4 4. Nxd4 Nf6 5. Nc3 a6 6. Bg5 e6 7. f4 Be7 8. Qf3
h6 9. Bh4 Qc7 10. O-O-O Nbd7 11. Be2 O-O 12. g4 b5 13. a3 Bb7 14. Rhg1 Nc5 15.
g5 Nfxe4 16. gxh6 g6 17. Bxe7 Qxe7 18. Qe3 Nxc3 19. Qxc3 Qf6 20. Nxb5 Qxf4+ 21.
Kb1 Qxh6 22. Nxd6 Ne4 23. Qe5 Nxd6 24. Rxd6 Qg7 25. Qxg7+ Kxg7 26. h4 Rad8 27.
Rxd8 Rxd8 28. h5 a5 29. Bd3 Rd4 30. Kc1 1/2-1/2

[Event "Los Angeles Quon Memorial"]
[Site "Los Angeles"]
[Date "2011.01.22"]
[Round "7"]
[White "Amanov, Zhanibek"]
[Black "Molner, Mackenzie"]
[Result "1/2-1/2"]
[WhiteElo "2421"]
[BlackElo "2458"]
[PlyCount "62"]
[EventDate "2011.01.19"]
[EventType "tourn"]
[EventRounds "9"]
[EventCountry "USA"]
[EventCategory "7"]
[SourceTitle "EXT 2012"]
[Source "ChessBase"]
[SourceDate "2011.11.24"]

1. e4 c5 2. Nf3 d6 3. d4 cxd4 4. Nxd4 Nf6 5. Nc3 a6 6. Bc4 e6 7. Bb3 b5 8. O-O
Be7 9. Qf3 Qb6 10. Be3 Qb7 11. Qg3 b4 12. Na4 Nbd7 13. f3 O-O 14. a3 a5 15.
Rfd1 Nc5 16. axb4 axb4 17. e5 dxe5 18. Nxc5 Rxa1 19. Rxa1 Bxc5 20. Qxe5 Qb6 21.
Nf5 Bxe3+ 22. Qxe3 Qd8 23. Ng3 Qd6 24. Bc4 Bb7 25. Bd3 g6 26. Ra7 Bc6 27. Ra6
Ra8 28. Rxa8+ Bxa8 29. Ne4 Nxe4 30. fxe4 Qe5 31. b3 Kg7 1/2-1/2

[Event "Los Angeles Metropolitan 11th"]
[Site "Los Angeles"]
[Date "2011.08.23"]
[Round "1"]
[White "Molner, Mackenzie"]
[Black "Gareev, Timur"]
[Result "0-1"]
[WhiteElo "2447"]
[BlackElo "2613"]
[PlyCount "76"]
[EventDate "2011.08.23"]
[EventType "tourn"]
[EventRounds "11"]
[EventCountry "USA"]
[EventCategory "10"]
[SourceTitle "EXT 2012"]
[Source "ChessBase"]
[SourceDate "2011.11.24"]

1. e4 e5 2. Nf3 Nc6 3. Bc4 Bc5 4. b4 Bxb4 5. c3 Ba5 6. d4 exd4 7. Qb3 Qf6 8.
O-O Bb6 9. e5 Qg6 10. cxd4 Nge7 11. Re1 Na5 12. Qc3 Nxc4 13. Qxc4 O-O 14. d5 d6
15. Bg5 Nf5 16. Bf4 dxe5 17. Nxe5 Qf6 18. Nd2 Nd6 19. Qa4 Qh4 20. g3 Qh5 21. h4
Bh3 22. Kh2 Bf5 23. Kg2 Rad8 24. f3 Bc8 25. Bg5 f6 26. g4 Qe8 27. Nc6 fxg5 28.
Rxe8 Rdxe8 29. Nd4 Rf4 30. N2b3 gxh4 31. Qb4 Re3 32. Qd2 Nc4 33. Qc1 Bxd4 34.
Qxc4 Be5 35. Qb5 h3+ 36. Kxh3 Bxg4+ 37. Kg2 Bxf3+ 38. Kg1 Bh5 0-1

[Event "Los Angeles Metropolitan 11th"]
[Site "Los Angeles"]
[Date "2011.08.24"]
[Round "3"]
[White "Molner, Mackenzie"]
[Black "Ginsburg, Mark"]
[Result "1-0"]
[WhiteElo "2447"]
[BlackElo "2387"]
[PlyCount "51"]
[EventDate "2011.08.23"]
[EventType "tourn"]
[EventRounds "11"]
[EventCountry "USA"]
[EventCategory "10"]
[SourceTitle "EXT 2012"]
[Source "ChessBase"]
[SourceDate "2011.11.24"]

1. e4 c5 2. Nf3 a6 3. c3 d5 4. exd5 Qxd5 5. Na3 Nf6 6. Be2 Bg4 7. Nc2 Qd8 8.
Ne3 Bh5 9. Qb3 Qc7 10. d4 Bxf3 11. Bxf3 Nc6 12. dxc5 e6 13. Qb6 O-O-O 14. Nc4
Nd5 15. Bxd5 Rxd5 16. Be3 Be7 17. O-O g5 18. b4 Qb8 19. b5 Bd8 20. bxc6 Bxb6
21. Nxb6+ Kc7 22. Nxd5+ exd5 23. Rab1 b5 24. cxb6+ Kxc6 25. b7 Qc7 26. Ba7 1-0

[Event "Los Angeles Metropolitan 11th"]
[Site "Los Angeles"]
[Date "2011.08.25"]
[Round "5"]
[White "Molner, Mackenzie"]
[Black "Ravichandran, Siddharth"]
[Result "0-1"]
[WhiteElo "2447"]
[BlackElo "2387"]
[PlyCount "64"]
[EventDate "2011.08.23"]
[EventType "tourn"]
[EventRounds "11"]
[EventCountry "USA"]
[EventCategory "10"]
[SourceTitle "EXT 2012"]
[Source "ChessBase"]
[SourceDate "2011.11.24"]

1. e4 c5 2. Nf3 d6 3. d4 cxd4 4. Nxd4 Nf6 5. Nc3 a6 6. Bg5 Nbd7 7. Bc4 Qb6 8.
Qd2 Qxb2 9. Rb1 Qa3 10. f4 Qa5 11. Nb3 Qc7 12. Bd3 e6 13. O-O Be7 14. Kh1 h6
15. Bxf6 Bxf6 16. e5 dxe5 17. f5 Bg5 18. Qe1 Nf6 19. h4 Bxh4 20. Qxh4 Qxc3 21.
Rf3 Qc7 22. Rg3 exf5 23. Rxg7 Ng4 24. Rf1 Qe7 25. Qh5 Nf6 26. Qh2 Kf8 27. Rg3
f4 28. Qh4 Nd5 29. Qxe7+ Kxe7 30. Rgf3 Rg8 31. Re1 Ne3 32. g3 Bg4 0-1

[Event "Los Angeles Metropolitan 11th"]
[Site "Los Angeles"]
[Date "2011.08.26"]
[Round "6"]
[White "Amanov, Zhanibek"]
[Black "Molner, Mackenzie"]
[Result "1/2-1/2"]
[WhiteElo "2382"]
[BlackElo "2447"]
[PlyCount "135"]
[EventDate "2011.08.23"]
[EventType "tourn"]
[EventRounds "11"]
[EventCountry "USA"]
[EventCategory "10"]
[SourceTitle "EXT 2012"]
[Source "ChessBase"]
[SourceDate "2011.11.24"]

1. Nf3 c5 2. c4 g6 3. d4 Bg7 4. e4 Qb6 5. dxc5 Qxc5 6. Be2 d6 7. O-O Nf6 8. Nc3
Bg4 9. Be3 Qa5 10. Nd4 Bxe2 11. Qxe2 O-O 12. f3 Nc6 13. Rfd1 Rac8 14. Rac1 Nxd4
15. Bxd4 Nd7 16. Bxg7 Kxg7 17. b3 Nf6 18. Kh1 Rfe8 19. Rf1 Kg8 20. f4 Qh5 21.
Rf3 a6 22. Re1 Rc5 23. b4 Rc6 24. Nd5 Nxd5 25. cxd5 Rc7 26. e5 Rec8 27. exd6
exd6 28. f5 Rc1 29. h3 Qh4 30. Rxc1 Rxc1+ 31. Kh2 Re1 32. Qc2 Qf6 33. Qc3 Qe5+
34. Qxe5 Rxe5 35. f6 h5 36. Rc3 g5 37. Rc8+ Kh7 38. Rc7 Kg6 39. Rxb7 Rxd5 40.
Rb6 a5 41. bxa5 Rxa5 42. Rxd6 Rxa2 43. h4 g4 44. Rd5 Rf2 45. Rg5+ Kh6 46. Rg8
Rxf6 47. Rh8+ Kg6 48. Rg8+ Kh7 49. Rg5 Kh6 50. Ra5 Rf1 51. g3 Rf2+ 52. Kg1 Rf3
53. Kg2 f6 54. Rb5 Kg6 55. Ra5 Rb3 56. Rc5 Rb2+ 57. Kg1 f5 58. Rc6+ Kg7 59. Rc5
Kf6 60. Ra5 Rd2 61. Rb5 Ke6 62. Ra5 Rd5 63. Ra4 Ke5 64. Kf2 Rd3 65. Rb4 Rd4 66.
Rb8 f4 67. gxf4+ Rxf4+ 68. Kg2 1/2-1/2

[Event "USA tt"]
[Site "ICC INT"]
[Date "2011.08.29"]
[Round "1"]
[White "Becerra Rivero, Julio"]
[Black "Molner, Mackenzie"]
[Result "1/2-1/2"]
[WhiteElo "2556"]
[BlackElo "2453"]
[PlyCount "86"]
[EventDate "2011.08.29"]
[EventType "team-tourn"]
[EventRounds "10"]
[EventCountry "USA"]
[SourceTitle "CBM 144 Extra"]
[Source "ChessBase"]
[SourceDate "2011.10.28"]
[WhiteTeam "Miami"]
[BlackTeam "Arizona"]
[WhiteTeamCountry "USA"]
[BlackTeamCountry "USA"]

1. c4 c5 2. Nc3 Nc6 3. g3 g6 4. Bg2 Bg7 5. a3 e6 6. b4 Nxb4 7. axb4 cxb4 8. Bb2
bxc3 9. Bxc3 Bxc3 10. dxc3 Qc7 11. Qd4 e5 12. Qe3 d6 13. Nf3 Ne7 14. O-O O-O
15. Rfd1 Be6 16. Ng5 Bxc4 17. Ne4 Nf5 18. Qd2 Kg7 19. g4 Nh4 20. Nxd6 Nxg2 21.
Kxg2 Bb3 22. Rdb1 Be6 23. f4 Qc6+ 24. e4 exf4 25. Rb4 Rad8 26. Rd4 Bxg4 27.
Rxa7 f3+ 28. Kg3 Qc5 29. Ra1 Qh5 30. h4 Be6 31. Qf4 Ra8 32. Rf1 Qc5 33. Rxf3
Ra1 34. e5 Qa3 35. Qf6+ Kg8 36. Nxf7 Bxf7 37. Rd8 Qa2 38. Rxf8+ Kxf8 39. Qd8+
Kg7 40. Qf6+ Kg8 41. Qd8+ Kg7 42. Qf6+ Kg8 43. Qd8+ Kg7 1/2-1/2

[Event "USA tt"]
[Site "ICC INT"]
[Date "2011.09.12"]
[Round "3"]
[White "Friedel, Joshua E"]
[Black "Molner, Mackenzie"]
[Result "1/2-1/2"]
[WhiteElo "2518"]
[BlackElo "2453"]
[PlyCount "57"]
[EventDate "2011.08.29"]
[EventType "team-tourn"]
[EventRounds "10"]
[EventCountry "USA"]
[SourceTitle "CBM 144 Extra"]
[Source "ChessBase"]
[SourceDate "2011.10.28"]
[WhiteTeam "Chicago"]
[BlackTeam "Arizona"]
[WhiteTeamCountry "USA"]
[BlackTeamCountry "USA"]

1. e4 c5 2. Nf3 d6 3. d4 cxd4 4. Nxd4 Nf6 5. Nc3 a6 6. Be2 e5 7. Nb3 Be7 8. O-O
O-O 9. Be3 Be6 10. Qd2 b5 11. a4 b4 12. Nd5 Nxe4 13. Nxe7+ Qxe7 14. Qxb4 f5 15.
Na5 Rc8 16. Bf3 Nd7 17. Bxe4 fxe4 18. Rfd1 Nc5 19. Bxc5 Rxc5 20. Qxe4 Rac8 21.
Qb7 Qf8 22. Qxa6 Rxc2 23. Rf1 Rxb2 24. Rad1 Bg4 25. Nc6 Bxd1 26. Ne7+ Qxe7 27.
Qxc8+ Qf8 28. Qc1 Ra2 29. Qc4+ 1/2-1/2

[Event "USA tt"]
[Site "ICC INT"]
[Date "2011.09.26"]
[Round "5"]
[White "Molner, Mackenzie"]
[Black "Becerra Rivero, Julio"]
[Result "1-0"]
[WhiteElo "2453"]
[BlackElo "2556"]
[PlyCount "85"]
[EventDate "2011.08.29"]
[EventType "team-tourn"]
[EventRounds "10"]
[EventCountry "USA"]
[SourceTitle "CBM 144 Extra"]
[Source "ChessBase"]
[SourceDate "2011.10.28"]
[WhiteTeam "Arizona"]
[BlackTeam "Miami"]
[WhiteTeamCountry "USA"]
[BlackTeamCountry "USA"]

1. e4 c5 2. Nf3 Nc6 3. d4 cxd4 4. Nxd4 Nf6 5. Nc3 d6 6. Bg5 e6 7. Qd2 a6 8.
O-O-O Bd7 9. f3 Be7 10. h4 h6 11. Be3 h5 12. Kb1 Ne5 13. Bg5 Rc8 14. Be2 b5 15.
a3 Qb6 16. f4 Nc4 17. Bxc4 Rxc4 18. e5 d5 19. exf6 gxf6 20. Nf5 fxg5 21. Nxe7
Kxe7 22. Qxd5 Qc6 23. Qxg5+ Kf8 24. Rhe1 b4 25. axb4 Be8 26. Rd8 Rg8 27. Qe5
Qc7 28. Qxc7 Rxc7 29. Nd5 Rb7 30. Rxe8+ Kxe8 31. Nf6+ Kf8 32. Nxg8 Kxg8 33. c3
Rb6 34. Re5 f5 35. Kc2 Kf7 36. Rc5 Rb8 37. Rc6 Rg8 38. Rxa6 Rxg2+ 39. Kb3 Rg4
40. Ra7+ Ke8 41. b5 Kd8 42. b6 Kc8 43. c4 1-0

[Event "USA tt"]
[Site "ICC INT"]
[Date "2011.10.03"]
[Round "6"]
[White "Christiansen, Larry Mark"]
[Black "Molner, Mackenzie"]
[Result "0-1"]
[WhiteElo "2575"]
[BlackElo "2453"]
[PlyCount "97"]
[EventDate "2011.08.29"]
[EventType "team-tourn"]
[EventRounds "10"]
[EventCountry "USA"]
[SourceTitle "CBM 144 Extra"]
[Source "ChessBase"]
[SourceDate "2011.10.28"]
[WhiteTeam "Boston Blitz"]
[BlackTeam "Arizona"]
[WhiteTeamCountry "USA"]
[BlackTeamCountry "USA"]

1. c4 c5 2. Nc3 Nc6 3. Nf3 e5 4. e3 Nf6 5. b3 g6 6. Bb2 Bg7 7. Be2 O-O 8. O-O
d5 9. cxd5 Nxd5 10. Qc1 b6 11. Rd1 Bb7 12. Nxd5 Qxd5 13. d3 Rac8 14. Bf1 h6 15.
Qc3 Kh7 16. a3 f5 17. Rab1 Rf7 18. Qc2 Qd6 19. Ba1 Qe7 20. Nd2 Rcf8 21. Re1 e4
22. Bxg7 exd3 23. Bxd3 Kxg7 24. f4 Rd8 25. Nf3 Qf6 26. Rbd1 Rfd7 27. h3 Rd6 28.
Kh2 R8d7 29. Rd2 Qd8 30. Red1 Qe7 31. Qb2+ Qf6 32. Qc1 Qd8 33. Qb2+ Qf6 34. Ne5
Rd8 35. b4 Rd5 36. Nxc6 Qxb2 37. Nxd8 Qxa3 38. Ne6+ Kf6 39. bxc5 bxc5 40. Nc7
Rd7 41. Ne8+ Ke7 42. Bb5 Rxd2 43. Rxd2 Qa5 44. Rb2 Be4 45. Ng7 a6 46. Be2 Qc3
47. Rb6 Qxg7 48. Rxa6 Qb2 49. Bf1 0-1

[Event "USA tt"]
[Site "ICC INT"]
[Date "2011.10.31"]
[Round "10"]
[White "Shulman, Yuri"]
[Black "Molner, Mackenzie"]
[Result "1-0"]
[WhiteElo "2608"]
[BlackElo "2453"]
[PlyCount "83"]
[EventDate "2011.08.29"]
[EventType "team-tourn"]
[EventRounds "10"]
[EventCountry "USA"]
[SourceTitle "EXT 2012"]
[Source "ChessBase"]
[SourceDate "2011.11.24"]
[WhiteTeam "Chicago"]
[BlackTeam "Arizona"]
[WhiteTeamCountry "USA"]
[BlackTeamCountry "USA"]

1. d4 Nf6 2. c4 e6 3. Nc3 Bb4 4. e3 b6 5. Nge2 c5 6. a3 Ba5 7. Rb1 Na6 8. g3
Bb7 9. d5 exd5 10. Bg2 O-O 11. O-O Bxc3 12. Nxc3 d6 13. cxd5 c4 14. e4 Nc5 15.
Be3 Rc8 16. Bxc5 Rxc5 17. Qd4 Nd7 18. f4 Qe7 19. Rbe1 f6 20. Bh3 Bc8 21. Be6+
Kh8 22. Qd2 Re8 23. Ne2 Nf8 24. Bxc8 Rcxc8 25. Nd4 Qc7 26. Nc6 Nd7 27. Kg2 Nc5
28. Qd4 b5 29. Re3 a6 30. e5 Nb3 31. Qa7 Qxa7 32. Nxa7 Ra8 33. Nc6 dxe5 34.
fxe5 fxe5 35. d6 Nc5 36. Rxe5 Rxe5 37. Nxe5 Kg8 38. Nc6 g6 39. Re1 Kf7 40. Re5
Nd3 41. Re7+ Kf6 42. d7 1-0

[Event "Lubbock SPICE Cup-B 5th"]
[Site "Lubbock"]
[Date "2011.10.15"]
[Round "1"]
[White "Boros, Denes"]
[Black "Molner, Mackenzie"]
[Result "1/2-1/2"]
[WhiteElo "2508"]
[BlackElo "2453"]
[PlyCount "70"]
[EventDate "2011.10.15"]
[EventType "tourn"]
[EventRounds "9"]
[EventCountry "USA"]
[EventCategory "10"]
[SourceTitle "CBM 144 Extra"]
[Source "ChessBase"]
[SourceDate "2011.10.28"]

1. e4 c5 2. Nf3 d6 3. d4 cxd4 4. Nxd4 Nf6 5. Nc3 a6 6. Bc4 e6 7. Be3 b5 8. Bb3
Bb7 9. O-O Nc6 10. f4 Be7 11. a3 O-O 12. f5 e5 13. Nxc6 Bxc6 14. Qf3 a5 15.
Rfd1 b4 16. axb4 axb4 17. Nd5 Bxd5 18. exd5 Qc7 19. Qe2 Ne4 20. Qg4 Nc5 21. Bh6
Bf6 22. Bxg7 h5 23. Qg3 Ne4 24. Qe3 Kxg7 25. Qxe4 Qc5+ 26. Kh1 Qd4 27. Qxd4
exd4 28. Bc4 d3 29. Bxd3 Bxb2 30. Rab1 Bc3 31. g3 Ra5 32. Be2 Rh8 33. Kg2 Kf6
34. Bf3 Kxf5 35. Rf1 Kg6 1/2-1/2